[Event "IM Marmaris Karia VI 2019"]
[Site "Marmaris"]
[Date "2019.04.25"]
[Round "6.1"]
[White "Morozov, Nichita"]
[Black "Suleymanli, Aydin"]
[Result "0-1"]
[WhiteElo "2398"]
[BlackElo "2334"]
[Annotator "NA RC"]
[PlyCount "66"]
[EventDate "2019.04.24"]
[EventType "schev"]
[EventCountry "TUR"]
[SourceTitle "playchess.com"]
[Source "ChessBase"]
[SourceQuality "1"]
[TimeControl "5400+30"]

{[%evp 8,58,37,10,0,10,32,14,14,32767,32767,32767,32767,47,27,20,39,9,48,33,33,47,42,0,12,-24,-31,-29,-34,-31,-16,-10,-9,-20,32767,32767,32767,32767,32767,-16,0,-20,0,-71,-37,-92,-65,-185,-231,-153,-185,-189,-202]} 1. d4 {[%emt 0:00:30]} Nf6 {[%emt 0:00:30]} 2. Nc3 {[%emt 0:01:30]} e6 {[%emt 0:00:00]} 3. e4 {[%emt 0:00:00]} d5 {[%emt 0:00:00]} 4. Bg5 {[%emt 0:00:00]} dxe4 {[%emt 0:01:30]} 5. Nxe4 {[%emt 0:00:30]} Be7 {[%emt 0:00:00]} 6. Bxf6 {[%emt 0:00:00]} gxf6 {[%emt 0:00:00]} 7. Nf3 {[%emt 0:00:00]} a6 {[%emt 0:00:30]} 8. Bc4 {[%emt 0:01:30] C13: French: Classical System: 4 Bg5 Be7, Alekhine-Chatard Attack} (8. Qd2 f5 9. Nc3 b5 10. O-O-O b4 11. Ne2 Bb7 12. Kb1 Qd6 13. Ne5 Bd5 14. Qe1 Nd7 15. Nf4 c6 16. Bd3 {0-1 (56) Naiditsch,A (2682)-Harikrishna,P (2737) Douglas 2015}) 8... b5 {[%emt 0:00:30]} 9. Bb3 {[%emt 0:00:00]} Bb7 {[%emt 0:00:30]} 10. Qe2 $1 {[%emt 0:00:00]} Nd7 {[%emt 0:00:30]} 11. d5 $146 {[%emt 0:01:30]} ({Predecessor:} 11. a4 f5 12. Ned2 bxa4 13. Bxa4 O-O 14. O-O c5 15. Rfd1 cxd4 16. Nxd4 {½-½ (28) Pilavov,G (2567)-Pushkov,N (2513) Lugansk 2007}) 11... exd5 {[%emt 0:12:30]} 12. Ng3 {[%emt 0:01:30]} Nc5 {[%emt 0:02:30]} 13. O-O-O {[%emt 0:00:30]} Qd7 {[%emt 0:02:30]} 14. Rhe1 {[%emt 0:00:30]} Ne6 {[%emt 0:01:30]} 15. Nd4 {[%emt 0:01:30]} O-O-O {[%emt 0:05:30]} 16. Ngf5 {[%emt 0:02:30]} Bb4 {[%emt 0:01:30]} 17. c3 {[%emt 0:00:30]} Nxd4 {[%emt 0:00:30]} 18. Nxd4 {[%emt 0:00:00]} Ba5 {[%emt 0:03:30]} 19. Bc2 {[%emt 0:00:00]} Kb8 {[%emt 0:00:00]} 20. Qf3 {[%emt 0:01:30]} c5 {[%emt 0:04:00]} 21. Nb3 {[%emt 0:00:30]} Bb6 {[%emt 0:00:30]} 22. Qxf6 {[%emt 0:00:30]} Qd6 {[%emt 0:00:00]} 23. Qxf7 {[%emt 0:00:30]} Rhf8 {[%emt 0:00:00]} 24. Qxh7 {[%emt 0:01:30]} Rxf2 {[%emt 0:00:30]} 25. Qh3 {[%emt 0:01:30]} (25. g3 $11) 25... d4 {[%emt 0:03:30]} 26. cxd4 {[%emt 0:00:30]} cxd4 {[%emt 0:01:30]} 27. Rd2 {[%emt 0:01:30] [#]} (27. Bd3 $17 {was necessary.}) 27... Rxd2 $1 {[%emt 0:00:30]} 28. Nxd2 {[%emt 0:00:30]} d3 {[%emt 0:05:30]} 29. Bb3 {[%emt 0:00:30]} Bc7 $19 {[%emt 0:01:30]} 30. g4 {[%emt 0:01:30]} Qb4 {[%emt 0:00:30]} 31. a3 {[%emt 0:00:30]} Qf4 {[%emt 0:03:30]} 32. Rd1 {[%emt 0:00:30]} Be5 {[%emt 0:00:30]} 33. Kb1 {[%emt 0:00:30]} Qd4 {[%emt 0:00:30]} 0-1

[Event "IM Marmaris Karia VI 2019"]
[Site "Marmaris"]
[Date "2019.04.25"]
[Round "6.2"]
[White "Sibashvili, Giorgi"]
[Black "Mammadova, Narmin"]
[Result "1/2-1/2"]
[WhiteElo "2398"]
[BlackElo "2292"]
[Annotator "TA"]
[PlyCount "60"]
[EventDate "2019.04.24"]
[EventType "schev"]
[EventCountry "TUR"]
[SourceTitle "playchess.com"]
[Source "ChessBase"]
[SourceQuality "1"]

{[%evp 18,60,53,27,61,22,19,20,18,10,16,-5,21,13,18,0,0,-4,0,0,0,0,2,1,2,3,2,-3,-3,-3,-1,-3,0,0,0,0,0,0,0,-2,0,0,0,0,0]} 1. d4 d5 2. c4 c6 3. cxd5 cxd5 4. Nf3 Nf6 5. Nc3 Nc6 6. Bf4 g6 7. e3 a6 8. Be2 Bg7 9. Ne5 O-O 10. O-O e6 {D90: Grünfeld: 4 Nf3 Bg7 sidelines} (10... Nd7 11. Nxd7 Qxd7 12. Rc1 Qd8 13. Na4 e5 14. dxe5 Nxe5 15. b3 Re8 16. Qd2 Nc6 17. Bf3 Be6 18. Rfd1 {0-1 (39) Rakhmanov,A (2640)-Jobava,B (2673) Minsk 2015}) 11. Rc1 Nxe5 {The position is equal.} 12. Bxe5 Bd7 13. Qb3 Bc6 14. Na4 Bxa4 15. Qxa4 Rc8 16. Bxf6 $146 (16. Bf4 {is interesting.} Ne4 17. f3 g5 18. Be5 Nc5 19. Qb4) ({Predecessor:} 16. Rc2 Qd7 17. Qxd7 Nxd7 18. Bc7 Nb6 19. Rfc1 {½-½ (55) Cichocki,A (2375)-Voloshin,L (2435) Polanica Zdroj 1995}) 16... Bxf6 17. Rc2 Rxc2 18. Qxc2 Qd7 19. Rc1 Bd8 20. Qc8 Qxc8 21. Rxc8 Ba5 22. Rxf8+ (22. Rc5 {keeps more tension.} Bb6 23. Rc3 Ba5 24. Rc1 Rd8 25. g4) 22... Kxf8 $11 {[%mdl 4096] Endgame KB-KB} 23. Kf1 Ke7 24. Bd1 Bc7 25. h3 Kd6 26. Ke2 Bd8 27. Kd3 Bh4 28. f4 Bd8 29. Ba4 f6 30. g4 Ba5 {Accuracy: White = 58%, Black = 59%.} 1/2-1/2

[Event "IM Marmaris Karia VI 2019"]
[Site "Marmaris"]
[Date "2019.04.25"]
[Round "6.3"]
[White "Simantsev, Mikhail"]
[Black "Atakishiyev, Elmar"]
[Result "1/2-1/2"]
[WhiteElo "2395"]
[BlackElo "2114"]
[Annotator "TA"]
[PlyCount "52"]
[EventDate "2019.04.24"]
[EventType "schev"]
[EventCountry "TUR"]
[SourceTitle "playchess.com"]
[Source "ChessBase"]
[SourceQuality "1"]

{[%evp 9,52,0,23,17,39,-22,-9,-27,-33,-49,-52,-62,-43,-49,-53,-58,-43,-47,-47,-53,-41,-45,-43,-41,-34,-47,-41,-44,-39,-54,-44,-51,-42,-56,-43,-42,-42,-42,-39,-51,0,-32,0,-44,0]} 1. c4 e5 2. Nc3 Nf6 3. e3 d5 4. cxd5 Nxd5 5. Qc2 c5 6. Nf3 {A22: English Opening: 1...e5 2 Nc3 Nf6} Nc6 {[#]} 7. a3 (7. Nxe5 $1 $14 {[%mdl 512]} Nxe5 8. Qe4 {[%mdl 64] Double Attack}) 7... Be6 (7... Nxc3 8. dxc3 Be6 9. e4 Be7 10. Bb5 O-O 11. O-O Na5 12. Qe2 a6 13. Bd3 {½-½ (85) Hansen,S (2584)-Saric,I (2689) Helsingor 2018}) 8. Be2 {The position is equal.} Be7 $146 ({Predecessor:} 8... Rc8 9. Ne4 f6 10. O-O Be7 11. d3 O-O 12. b3 {0-1 (52) Zhao,J (2447)-Bu,X (2588) Yongchuan 2003}) 9. d3 O-O 10. O-O Qd7 11. Ne4 Rac8 12. b3 f6 13. Bb2 Rfd8 14. Rac1 Kh8 15. Qb1 Na5 16. Ned2 b5 17. Ba1 Rc7 18. Bd1 Bg8 19. Bc2 Qc8 20. Rfd1 a6 21. h3 Nb6 22. Bb2 Bf8 23. Bc3 Nc6 24. Bb2 Na5 25. Bc3 Nc6 26. Bb2 Na5 {Accuracy: White = 58%, Black = 42%.} 1/2-1/2

[Event "IM Marmaris Karia VI 2019"]
[Site "Marmaris"]
[Date "2019.04.25"]
[Round "6.4"]
[White "Guseynov, Alihan"]
[Black "Arda, Cagil Irmak"]
[Result "1-0"]
[WhiteElo "2340"]
[BlackElo "2070"]
[Annotator "TA"]
[PlyCount "55"]
[EventDate "2019.04.24"]
[EventType "schev"]
[EventCountry "TUR"]
[SourceTitle "playchess.com"]
[Source "ChessBase"]
[SourceQuality "1"]

{[%evp 9,55,-5,2,3,-2,-4,-2,-8,10,10,10,2,19,18,13,9,3,0,11,3,9,0,0,0,19,19,19,20,27,26,202,189,494,487,573,569,1227,1225,1222,1146,1109,434,432,342,869,443,1638,959]} 1. d4 Nf6 2. c4 e6 3. Nc3 Bb4 4. e3 O-O 5. Nge2 c6 6. a3 {E46: Nimzo-Indian: Rubinstein: 4 e3 0-0 5 Ne2 without early Bd3} Ba5 7. Ng3 d5 8. Be2 {The position is equal.} ({Predecessor:} 8. Bd3 Nbd7 9. O-O dxc4 {1-0 (32) Rahul,S (2295)-Drnovsek,G (2440) Pardubice 2017}) 8... Nbd7 9. O-O dxc4 10. Bxc4 e5 11. Ba2 exd4 $146 (11... Bc7 12. d5 cxd5 13. Bxd5 Nxd5 14. Nxd5 {1-0 (66) Zubov,A (2597)-Carlsen,M (2835) St Petersburg 2018}) 12. exd4 Bc7 13. d5 cxd5 14. Nxd5 Nxd5 15. Qxd5 Nf6 16. Qf3 Rb8 17. h3 b6 18. Bg5 {Rad1 is the strong threat.} Bb7 19. Qc3 {Threatens to win with Nh5!} Rc8 $2 {[#]} (19... Bxg3 $11 {and Black stays safe.} 20. Bxf6 (20. Qxg3 Ne4 $14) (20. fxg3 Rc8 $14) 20... Qxf6 21. Qxf6 gxf6 22. fxg3 {[%mdl 64] Discovered Attack} Kg7) 20. Rad1 $1 $18 {[%cal Rd1d8]} Bd6 $2 (20... Qe7 {is a better chance.} 21. Rfe1 Qc5 22. Qxc5 (22. Bxf6 gxf6 23. Qxc5 bxc5 $18) 22... bxc5) 21. Bxf6 gxf6 22. Qd4 Bxg3 23. Qg4+ {[%mdl 64] Double Attack, Zwischenzug} ({Less strong is} 23. fxg3 Qxd4+ 24. Rxd4 Rc2 $14) 23... Kh8 24. Rxd8 Rfxd8 25. Qxg3 (25. fxg3 $142 Rd2 26. Re1 Rxg2+ 27. Kf1) 25... Rg8 26. Qh2 Rc5 $2 {[#]} (26... Rxg2+ 27. Qxg2 Bxg2) 27. Bxf7 Rf8 (27... Rxg2+ $142 28. Qxg2 Bxg2) 28. Be6 {Accuracy: White = 76%, Black = 42%.} 1-0

[Event "IM Marmaris Karia VI 2019"]
[Site "Marmaris"]
[Date "2019.04.25"]
[Round "6.5"]
[White "Darban, Morteza"]
[Black "Kizilkus, Akin"]
[Result "1/2-1/2"]
[WhiteElo "2307"]
[BlackElo "2018"]
[Annotator "TA"]
[PlyCount "69"]
[EventDate "2019.04.24"]
[EventType "schev"]
[EventCountry "TUR"]
[SourceTitle "playchess.com"]
[Source "ChessBase"]
[SourceQuality "1"]

{[%evp 9,69,-16,17,0,17,0,0,7,16,9,52,8,13,-25,-1,-6,-1,-12,-12,-12,-7,-14,0,0,0,0,0,0,0,0,0,0,0,0,0,0,0,0,0,0,0,0,0,0,0,0,0,0,0,0,0,0,0,0,0,0,0,-6,0,0,0,0]} 1. e4 e6 2. d3 d5 3. Nd2 c5 4. g3 Nc6 5. Bg2 g6 6. exd5 {C00: French: Unusual White 2nd moves} (6. Ngf3 Bg7 7. O-O Nge7 8. Re1 b6 9. e5 Qc7 10. Qe2 h6 11. h4 g5 12. hxg5 hxg5 13. Nxg5 Qxe5 14. Qxe5 Nxe5 15. Ngf3 N5c6 16. c3 Ba6 17. Bf1 Ng6 18. a4 Kd7 {1-0 (50) Nakamura,H (2741)-Ponomariov,R (2744) Moscow 2010}) 6... exd5 7. Ne2 Bg7 8. O-O Nge7 9. c3 Bf5 $146 ({Predecessor:} 9... O-O 10. Nf4 Bf5 11. Nf3 b5 12. Nh4 Bc8 13. Qb3 g5 14. Nxd5 gxh4 15. Nxe7+ Nxe7 16. Qxb5 {0-1 (35) Tilicheev,V (2415)-Georgiev,V (2546) Sunny Beach 2013}) 10. Nf3 O-O 11. Bg5 h6 12. Bxe7 {The position is equal.} Qxe7 13. d4 Be4 14. dxc5 Qxc5 15. Qd2 Bxf3 (15... Rfe8 {keeps more tension.} 16. Rfe1 Qa5 17. h4 Rad8 18. Nf4 b5) 16. Bxf3 d4 17. cxd4 Nxd4 18. Nxd4 Qxd4 19. Qxd4 Bxd4 20. Rad1 Rad8 21. Rd2 b6 22. Rfd1 Bf6 23. Rd7 Rxd7 24. Rxd7 Rd8 25. Rxd8+ Bxd8 $11 {[%mdl 4096] Endgame KB-KB} 26. Kf1 Bf6 27. b3 Kf8 28. Ke2 Bd4 29. Bd5 Ke7 30. f3 f6 31. Kd3 Bg1 32. h3 f5 33. b4 a5 34. bxa5 bxa5 35. a4 {Accuracy: White = 65%, Black = 71%.} 1/2-1/2

[Event "IM Marmaris Karia VI 2019"]
[Site "Marmaris"]
[Date "2019.04.25"]
[Round "7.1"]
[White "Suleymanli, Aydin"]
[Black "Sibashvili, Giorgi"]
[Result "1/2-1/2"]
[WhiteElo "2334"]
[BlackElo "2398"]
[Annotator "TA"]
[PlyCount "19"]
[EventDate "2019.04.24"]
[EventType "schev"]
[EventCountry "TUR"]
[SourceTitle "playchess.com"]
[Source "ChessBase"]
[SourceQuality "1"]

{[%evp 18,19,5,0]} 1. d4 d5 2. c4 c6 3. cxd5 cxd5 4. Nf3 Nf6 5. Nc3 Nc6 6. Bf4 Nh5 $146 ({Predecessor:} 6... Bf5 7. e3 e6 8. Bd3 Bxd3 9. Qxd3 Bd6 10. Bxd6 Qxd6 11. O-O O-O {½-½ (11) Dreev,A (2670)-Mamedyarov,S (2817) St Petersburg 2018}) 7. Be3 Nf6 8. Bf4 Nh5 9. Be3 Nf6 10. Bf4 1/2-1/2

[Event "IM Marmaris Karia VI 2019"]
[Site "Marmaris"]
[Date "2019.04.25"]
[Round "7.2"]
[White "Mammadova, Narmin"]
[Black "Simantsev, Mikhail"]
[Result "1/2-1/2"]
[WhiteElo "2292"]
[BlackElo "2395"]
[Annotator "TA"]
[PlyCount "37"]
[EventDate "2019.04.24"]
[EventType "schev"]
[EventCountry "TUR"]
[SourceTitle "playchess.com"]
[Source "ChessBase"]
[SourceQuality "1"]

{[%evp 17,37,5,4,0,3,-3,5,5,15,8,12,13,0,0,18,0,34,0,14,0,23,-6]} 1. e4 e5 2. Nf3 Nc6 3. Nc3 Nf6 4. d4 exd4 5. Nxd4 Bb4 6. Nxc6 bxc6 7. Bd3 d5 8. exd5 cxd5 9. O-O O-O 10. h3 {C47: Scotch Four Knights and Four Knights with 4 g3} (10. Qf3 c6 11. Bg5 Bd6 12. Rae1 Rb8 13. Nd1 h6 14. Bxf6 Qxf6 15. Qxf6 gxf6 16. b3 Kg7 17. Ne3 Re8 18. Nf5+ Bxf5 19. Bxf5 Re5 20. Bd3 Bb4 21. Re3 Rxe3 22. fxe3 {½-½ (35) Duda,J (2738)-Ding,L (2813) Wijk aan Zee 2019}) 10... c6 11. Qf3 Rb8 12. Bf4 {The position is equal.} Bd6 13. b3 Rb4 14. Ne2 Re8 15. Bd2 $146 ({Predecessor:} 15. c4 Rb7 16. Rad1 Rbe7 17. Nd4 Qc7 18. Bxd6 Qxd6 19. cxd5 cxd5 20. Bb5 Bd7 21. Bxd7 Qxd7 22. Nf5 Re5 23. Ne3 Qb5 24. Rd4 Qa5 25. Rfd1 Qxa2 26. Nxd5 {½-½ (26) Mellado Trivino,J (2365)-Garriga Cazorla,P (2445) Barcelona 2019}) 15... Rb8 16. Bf4 Rb4 17. Bd2 Rb8 18. Bf4 Rb4 19. Bd2 {Accuracy: White = 42%, Black = 59%.} 1/2-1/2

[Event "IM Marmaris Karia VI 2019"]
[Site "Marmaris"]
[Date "2019.04.25"]
[Round "7.3"]
[White "Atakishiyev, Elmar"]
[Black "Guseynov, Alihan"]
[Result "1-0"]
[WhiteElo "2114"]
[BlackElo "2340"]
[Annotator "TA"]
[PlyCount "121"]
[EventDate "2019.04.24"]
[EventType "schev"]
[EventCountry "TUR"]
[SourceTitle "playchess.com"]
[Source "ChessBase"]
[SourceQuality "1"]

{[%evp 20,121,35,24,57,40,53,47,49,46,46,44,47,40,43,43,46,45,60,75,83,58,57,45,50,35,28,0,0,0,0,0,47,3,40,33,33,33,52,35,35,35,35,35,35,35,47,40,47,35,47,47,47,35,42,41,49,47,76,47,47,47,54,47,48,47,49,35,43,0,40,41,48,33,48,28,29,33,88,85,73,73,83,83,78,81,104,104,104,104,104,104,105,104,105,105,108,106,112,108,137,121,226,219]} 1. d4 Nf6 2. c4 e5 3. dxe5 Ng4 4. Bf4 Nc6 5. Nf3 Bb4+ 6. Nbd2 Qe7 7. a3 Bxd2+ 8. Qxd2 Ngxe5 9. e3 d6 10. Be2 O-O 11. O-O Be6 {A52: Budapest Gambit} 12. Rac1 Rad8 13. Rfd1 $146 ({Predecessor:} 13. Nd4 d5 14. c5 Nxd4 15. exd4 {1-0 (46) Zirkelbach,M (2094)-Mazzini,K (1618) Otocec 2015}) 13... b6 {White is slightly better.} 14. Nd4 Nxd4 15. exd4 Ng6 16. Bg5 f6 17. Be3 c5 18. b4 cxd4 19. Qxd4 Ne5 20. h3 Rfe8 21. Qf4 Qf7 22. Rd4 Rc8 23. Rxd6 {Black must now prevent c5.} Bxc4 24. Bg4 Nxg4 25. Qxg4 Rc7 26. Rcd1 b5 27. Rd7 Rxd7 28. Rxd7 Qg6 29. Qxg6 (29. Rxa7 {is more complex.} Qxg4 30. hxg4 h6 31. a4 bxa4 32. Rxa4 Rd8 33. Kh2) 29... hxg6 30. Rxa7 $14 {[%mdl 4096] Endgame KRB-KRB} g5 31. a4 bxa4 32. Rxa4 Kf7 33. Ra7+ Re7 34. Ra8 Re8 35. Ra5 Rb8 36. Ra7+ Kg6 37. Bc5 Bd5 38. f3 Rb7 39. Ra5 Bc4 40. Kf2 Bb5 41. Ke3 Bf1 42. Ra2 Rd7 43. Rb2 Bb5 44. Ra2 Kf7 45. Ra5 Rb7 46. Ra8 Ke6 47. Rd8 Rd7 48. Rb8 Bf1 (48... Bc4 $14) 49. Kf2 $16 Bc4 50. b5 {[%cal Bb4b5,Bb5b6][%mdl 32]} Rd2+ {[#]} 51. Kg1 $1 Rd1+ {[#]} 52. Kh2 $1 Rb1 53. b6 Bd5 54. Re8+ Kf7 55. Rd8 Bc6 56. Rd6 Ba8 57. Kg3 Rb2 58. Rd7+ Kg6 59. Bd4 Rd2 60. Rd8 Bc6 {[#]} (60... Ra2 $16 {keeps fighting.} 61. Bc3 (61. Rd7 Rd2 $16) 61... Ra6) 61. Bxf6 $1 {[%mdl 512] Accuracy: White = 49%, Black = 46%.} 1-0

[Event "IM Marmaris Karia VI 2019"]
[Site "Marmaris"]
[Date "2019.04.25"]
[Round "7.4"]
[White "Arda, Cagil Irmak"]
[Black "Darban, Morteza"]
[Result "0-1"]
[WhiteElo "2070"]
[BlackElo "2307"]
[Annotator "NA RC"]
[PlyCount "116"]
[EventDate "2019.04.24"]
[EventType "schev"]
[EventCountry "TUR"]
[SourceTitle "playchess.com"]
[Source "ChessBase"]
[SourceQuality "1"]
[TimeControl "5400+30"]

{[%evp 9,112,37,32767,32767,32767,32767,32767,32767,32767,32767,32767,32767,32767,32767,32767,32767,32767,63,57,31,55,32767,32767,36,32767,12,16,12,32767,-16,32767,-13,0,-16,32767,32767,32767,32767,32767,32767,32767,32767,32767,32767,-132,-140,-123,-341,-143,-157,-163,32767,32767,-344,-363,-667,-631,32767,32767,32767,32767,-466,-541,-823,32767,32767,-543,-562,-485,-400,32767,32767,-842,32767,32767,-397,-310,-301,-372,-370,-278,-323,-377,32767,-439,-587,-697,-670,-1130,-786,-467,32767,32767,-432,-505,-480,-511,32767,32767,32767,32767,-691,-840,-880,-1151]} 1. e4 {[%emt 0:00:30]} Nf6 {[%emt 0:26:30]} 2. e5 {[%emt 0:00:00]} Nd5 {[%emt 0:00:30]} 3. d4 {[%emt 0:00:00]} d6 {[%emt 0:00:00]} 4. c4 {[%emt 0:00:30]} Nb6 {[%emt 0:00:00]} 5. exd6 {[%emt 0:00:30]} cxd6 {[%emt 0:00:30]} 6. Nc3 {[%emt 0:00:30]} g6 {[%emt 0:00:30]} 7. Be3 {[%emt 0:00:30]} Bg7 {[%emt 0:00:30]} 8. Rc1 {[%emt 0:00:30]} O-O {[%emt 0:00:30]} 9. b3 {[%emt 0:00:30]} e6 {[%emt 0:00:30] B03: Alekhine's Defence: Four Pawns Attack} (9... Bf5 10. Be2 d5 11. c5 Nc8 12. Bf3 e6 13. g4 Be4 14. Nxe4 dxe4 15. Bxe4 Nc6 16. Ne2 N8e7 17. O-O Qd7 {1-0 (34) Corrales Jimenez,F (2559)-Zhao,J (2610) chess.com INT 2019}) 10. Nf3 {[%emt 0:00:30]} Nc6 {[%emt 0:00:30]} 11. Be2 {[%emt 0:00:30]} Ne7 {[%emt 0:00:30]} 12. O-O {[%emt 0:00:30]} Bd7 {[%emt 0:00:00]} 13. Bf4 $146 {[%emt 0:05:30]} ({Predecessor:} 13. Qd2 Nf5 14. Bg5 f6 15. Be3 Nxe3 16. Qxe3 e5 17. dxe5 dxe5 {1-0 (35) Jorczik,J (2170)-Nuber,B (2041) Willingen 2006}) 13... Bc6 {[%emt 0:00:00]} 14. Qd2 {[%emt 0:04:30]} Bxf3 {[%emt 0:28:30]} 15. Bxf3 {[%emt 0:00:30]} d5 {[%emt 0:00:30]} 16. c5 {[%emt 0:02:30]} Nbc8 {[%emt 0:00:00]} 17. Bh6 {[%emt 0:09:30]} Nc6 {[%emt 0:04:00]} 18. Bxg7 {[%emt 0:03:30]} Kxg7 {[%emt 0:00:30]} 19. Qf4 {[%emt 0:01:30]} a6 {[%emt 0:02:30]} 20. Rfd1 {[%emt 0:01:30]} h6 {[%emt 0:10:30]} 21. h4 {[%emt 0:04:30]} N8e7 {[%emt 0:04:18]} 22. g4 {[%emt 0:02:30]} Qd7 {[%emt 0:07:16]} 23. Ne2 {[%emt 0:02:30]} f6 {[%emt 0:03:01]} 24. Qe3 {[%emt 0:03:30]} e5 {[%emt 0:00:39]} 25. g5 {[%emt 0:04:30]} Nf5 {[%emt 0:04:17]} 26. gxh6+ {[%emt 0:01:30]} Kh7 {[%emt 0:00:11]} 27. Qc3 {[%emt 0:01:30]} Nfxd4 {[%emt 0:04:06]} ({Black should play} 27... Nxh4 $19 28. dxe5 fxe5 29. Bxd5 Qg4+ 30. Qg3 Qxe2 31. Qxh4 Rf4) 28. Ng3 $2 {[%emt 0:04:30]} (28. Nxd4 $17 Nxd4 29. Rxd4 exd4 30. Qxd4) 28... Nxf3+ {[%emt 0:00:35]} (28... Rad8 $19 {and Black stays clearly on top.} 29. Kg2 f5) 29. Qxf3 {[%emt 0:00:30]} Nd4 {[%emt 0:00:56]} 30. Qe3 {[%emt 0:00:30]} Rae8 {[%emt 0:01:54]} 31. Kg2 {[%emt 0:03:30]} (31. Rxd4 {is the only way for White.} exd4 32. Qxd4) 31... Qg4 {[%emt 0:00:30]} 32. Rh1 $2 {[%emt 0:06:30]} (32. c6 bxc6 33. f3 Qxh4 34. Rh1) 32... f5 {[%emt 0:00:05]} 33. Qg5 {[%emt 0:06:30]} Qxg5 {[%emt 0:00:05]} 34. hxg5 {[%emt 0:00:00]} f4 {[%emt 0:00:05]} 35. Nf1 {[%emt 0:01:00]} Rf5 {[%emt 0:00:04]} 36. f3 {[%emt 0:01:30]} Rxg5+ {[%emt 0:00:33]} 37. Kf2 {[%emt 0:00:00]} Rh5 {[%emt 0:00:52]} 38. Nh2 {[%emt 0:00:00]} Kxh6 {[%emt 0:00:29]} 39. Ng4+ {[%emt 0:00:30]} Kg7 {[%emt 0:00:26]} 40. Rhe1 {[%emt 0:00:30]} e4 {[%emt 0:01:46]} 41. fxe4 {[%emt 0:00:30]} Rxe4 {[%emt 0:00:40]} 42. Rcd1 {[%emt 0:00:30]} Rxe1 {[%emt 0:00:22]} 43. Rxe1 {[%emt 0:00:00]} Nc6 {[%emt 0:00:47]} 44. Kf3 {[%emt 0:01:00]} Rf5 {[%emt 0:00:28]} 45. Re8 {[%emt 0:00:30]} g5 {[%emt 0:00:01]} 46. Rc8 {[%emt 0:01:30]} Rf7 {[%emt 0:00:48]} 47. Re8 {[%emt 0:00:30]} (47. Nf2 {was necessary.}) 47... Re7 {[%emt 0:00:33]} 48. Rc8 {[%emt 0:00:30]} d4 {[%emt 0:00:32]} 49. Nf2 {[%emt 0:00:30]} Ne5+ {[%emt 0:00:02]} 50. Kg2 {[%emt 0:00:30]} Rd7 {[%emt 0:01:07]} 51. Re8 {[%emt 0:00:30]} Ng6 {[%emt 0:00:25]} 52. Re1 {[%emt 0:00:30]} Rd5 {[%emt 0:00:35]} 53. Nd3 {[%emt 0:00:30]} Kf6 {[%emt 0:00:18]} 54. b4 {[%emt 0:02:30]} Kf5 {[%emt 0:00:39]} 55. a4 {[%emt 0:00:30]} Ne5 {[%emt 0:00:13]} 56. Nxe5 {[%emt 0:02:30]} Rxe5 $19 {[%emt 0:00:03]} 57. Rxe5+ {[%emt 0:01:30]} Kxe5 {[%emt 0:00:02]} 58. b5 {[%emt 0:00:00]} a5 {[%emt 0:00:06]} 0-1

[Event "IM Marmaris Karia VI 2019"]
[Site "Marmaris"]
[Date "2019.04.25"]
[Round "7.5"]
[White "Kizilkus, Akin"]
[Black "Morozov, Nichita"]
[Result "1-0"]
[WhiteElo "2018"]
[BlackElo "2398"]
[Annotator "TA"]
[PlyCount "65"]
[EventDate "2019.04.24"]
[EventType "schev"]
[EventCountry "TUR"]
[SourceTitle "playchess.com"]
[Source "ChessBase"]
[SourceQuality "1"]

{[%evp 15,65,14,26,6,40,40,87,87,112,66,150,138,161,149,158,124,168,154,200,207,218,196,204,173,162,165,211,222,217,245,290,260,271,275,287,289,767,762,1087,1005,870,496,6151,6137,5927,5735,5335,5247,29982,29982,29981,29982]} 1. d4 Nf6 2. c4 b6 3. Nc3 Bb7 4. e3 e6 5. Nf3 Bb4 6. Bd3 O-O 7. O-O Bxc3 8. bxc3 c5 9. a4 {E43: Nimzo-Indian: Rubinstein: 4...b6} (9. Nd2 Nc6 10. Re1 d6 11. f3 Rc8 12. Bb2 Ba6 13. Qe2 Qd7 14. e4 Na5 15. Rac1 e5 16. Nf1 Nh5 17. g3 {½-½ (53) Agdestein,S (2581)-Vitiugov,N (2734) Helsingor 2018}) 9... Nc6 10. e4 $146 ({Predecessor:} 10. Ba3 d6 11. Rb1 Ba6 12. Qe2 e5 13. d5 Na5 14. e4 Qd7 15. Ra1 Qg4 16. h3 Qh5 {1-0 (57) Karavitaki,A (1285)-Arapkoule,E (1202) Rio 2018}) 10... h6 11. e5 {White is better.} Ne8 12. Ba3 f6 ({Better is} 12... d6 $14) 13. dxc5 $16 fxe5 14. cxb6 d6 15. bxa7 Na5 16. Nd2 Bc6 17. Qg4 Qe7 18. Rae1 {And now Rxe5 would win.} Rf4 19. Qe2 (19. Qg6 $6 Nf6 $16) 19... Qxa7 20. g3 Rf6 21. Ne4 Bxe4 22. Qxe4 ({Much less strong is} 22. Bxe4 $6 Rc8 $16) 22... Rc8 23. c5 d5 24. Qh7+ ({Don't take} 24. Qxe5 $6 Nb3 $16) 24... Kf7 {...e4 would now be nice for Black.} 25. Rxe5 Nb3 $2 {[#]} (25... Nc6) 26. Be2 $18 Qxa4 27. Bh5+ Ke7 28. Bxe8 Rxe8 (28... Qxe8 $142 29. Qxg7+ Qf7 30. c6+ Kd8 31. Qxf7 {[%mdl 64] Overworked Piece} Rxf7 32. Rxe6 Na5 33. Rd6+ Kc7 34. Rxh6 Nxc6) 29. Qxg7+ Rf7 {[#]} 30. Rxe6+ $1 {[%mdl 512]} Kxe6 31. Re1+ Qe4 32. Rxe4+ dxe4 33. Qg6+ {[%mdl 64] Double Attack. Accuracy: White = 71%, Black = 28%.} 1-0